000 00741nam a2200193 a 4500
001 000041631
005 20201002035657.0
008 131014s1984 sp abc 001 0 spa d
020 _a8400055799
040 _aDO-SdBNP
_bspa
_cBNPHU
082 _axxxx
_bxxxx
100 1 _aCalderon Quijano, José Antonio
_915455
245 1 0 _aHistoria de las Fortificaciones en Nueva España. /
_cJosé Antonio Calderon Quijano; prólogo D. Diego Angulo Iñiguez.
250 _a2a. ed.
260 _aMadrid, :
_bGobierno del Estado de Veracruz
_bConsejo Superior de Investigaciones Científicas,
_c1984.
300 _aLXIX, 508 p. :
_bil., mapa, retrs.
500 _aIncluye índice de nombres y lugares
700 1 _aAngulo Iñiguez, D. Diego
_eprol.
_968415
999 _c41121
_d41121